Suburbs of Cleveland on a Map - Statistics

General Stats
  • This quiz has been taken 1,027 times
  • The average score is 24 of 59
Answers on the Map
Answers color-coded by a green-red scale on the quiz's map according to % correct below.
 
Answer Stats
Population Municipality % Correct
372,624 Cleveland
96%
81,146 Parma
72%
45,312 Cleveland Heights
67%
50,942 Lakewood
62%
29,439 Shaker Heights
62%
49,692 Euclid
61%
13,792 East Cleveland
58%
34,228 Westlake
56%
46,491 Strongsville
51%
21,755 Rocky River
49%
11,359 Brooklyn
48%
20,863 Parma Heights
48%
18,545 Berea
46%
24,262 Solon
46%
16,163 Bay Village
45%
14,040 Beachwood
44%
3,356 Mayfield
44%
13,635 Brecksville
43%
4,188 Chagrin Falls
43%
129 Chagrin Falls Twp.
43%
7,584 Independence
43%
32,442 North Olmsted
43%
29,781 Garfield Heights
42%
31,322 North Royalton
42%
13,437 Olmsted Twp.
41%
19,936 Broadview Heights
40%
20,351 Mayfield Heights
40%
13,914 University Heights
40%
13,149 Bedford
38%
1,430 Bratenahl
38%
573 Cuyahoga Heights
38%
17,291 Fairview Park
38%
14,050 Lyndhurst
38%
3,421 Orange
38%
6,796 Pepper Pike
38%
21,883 South Euclid
38%
18,595 Brook Park
37%
8,582 Olmsted Falls
37%
11,720 Seven Hills
36%
11,020 Bedford Heights
35%
23,701 Maple Heights
35%
16,004 Middleburg Heights
34%
13,789 Warrensville Heights
34%
2,264 Gates Mills
33%
1,519 Brooklyn Heights
32%
108 Linndale
31%
10,801 Richmond Heights
31%
8,719 Highland Heights
30%
622 Hunting Valley
30%
1,897 Valley View
29%
3,466 Moreland Hills
28%
1,862 Newburgh Heights
28%
897 Bentleyville
26%
994 Glenwillow
26%
662 Highland Hills
26%
3,572 Oakwood
25%
2,033 Walton Hills
25%
641 Woodmere
25%
954 North Randall
22%
No matching quizzes found
Score Distribution
Percent of People with Each Score
Percentile by Number Answered
Your Score History
You have not taken this quiz